| 000 | 00498nam a22001937a 4500 | ||
|---|---|---|---|
| 003 | CEME | ||
| 005 | 20210628203232.0 | ||
| 008 | 210203b xxu||||| |||| 00| 0 eng d | ||
| 020 | _a0073668631 | ||
| 040 | _c. | ||
| 082 | _a658.4013 QU | ||
| 100 |
_aGitlow, Howard S , Oppenheim, Alan J , Oppenbeim, Rosa _964171 |
||
| 245 | _aQuality management | ||
| 250 | _a3RD | ||
| 260 |
_aNEW YORK _bNEW YORK _c2005 |
||
| 300 | _aXVIII, 797P | ||
| 650 |
_aQUALITY MANAGEMENT. _961140 |
||
| 942 |
_cBK _2ddc |
||
| 999 |
_c572763 _d572763 |
||